Statistics for Most Guessed Non-Capital Cities on Most Guessed Non-Capital Cities Quiz

Click here to take the quiz!

General Stats

  • This quiz has been taken 27 times
  • The average score is 3 of 4

Answer Stats

% Original% GuessedCity% Correct
97%96%New York City
100%
93%89%Los Angeles
85%
85%78%Rio de Janeiro
70%
85%81%Sydney
67%

Score Distribution

Percentile by Number Answered

Percent of People with Each Score

Your Score History

You have not taken this quiz